Essentials of environmental health (Record no. 393246)
[ view plain ]
| 000 -LEADER | |
|---|---|
| fixed length control field | 00600 a2200217 4500 |
| 005 - DATE & TIME | |
| control field | 20260116155953.0 |
| 008 - FIXED-LENGTH DATA ELEMENTS--GENERAL INFORMATION | |
| fixed length control field | 260114b |||||||| |||| 00| 0 eng d |
| 020 ## - ISBN | |
| International Standard Book Number | 9781284123975 |
| Price | $ 105.95 |
| 040 ## - CATALOGING SOURCE | |
| Original cataloging agency | VIVEKANANDA LIBRARY |
| 082 ## - DDC NUMBER | |
| Classification number | 363.7 |
| Book Number | F916E(3) |
| 100 ## - MAIN ENTRY--PERSONAL NAME | |
| Personal name | Friis, Robert H |
| 245 ## - TITLE STATEMENT | |
| Title | Essentials of environmental health |
| 250 ## - EDITION STATEMENT | |
| Edition statement | 3rd |
| 260 ## - PUBLICATION, DISTRIBUTION, ETC. (IMPRINT) | |
| Name of publisher, distributor, etc | Jones and Bartlett Publishers |
| Place of publication, distribution, etc | Burlington |
| Date of publication, distribution, etc | 2019 |
| 300 ## - PHYSICAL DESCRIPTION | |
| Pages | xx,410 |
| 440 ## - Series Statement | |
| Series Title | Essential public health |
| 650 ## - Subject | |
| Subject | Environmental Science |
| 650 ## - Subject | |
| Subject | Environmental Health |
| 700 ## - Added Entry Personal Name | |
| Relationship | Riegelman, Richard, S, ed. |
| 942 ## - ADDED ENTRY ELEMENTS (KOHA) | |
| Koha item type | Books |
| Withdrawn status | Lost status | Source of classification or shelving scheme | Damaged status | Not for loan | Location (home branch) | Sublocation or collection (holding branch) | Shelving location | Date acquired | Koha issues (times borrowed) | Koha full call number | Accession No. | Koha date last seen | Koha item type |
|---|---|---|---|---|---|---|---|---|---|---|---|---|---|
| Dewey Decimal Classification | VIVEKANANDA LIBRARY | VIVEKANANDA LIBRARY | Vivekananda Library | 08/10/2025 | 363.7 F916E(3) | 443290 | 08/10/2025 | Books |
